| 000 | 01202nam a22003017a 4500 | ||
|---|---|---|---|
| 005 | 20091030135111.0 | ||
| 008 | 091030t xxu||||| |||| 00| 0 eng d | ||
| 010 | _aENG-95273 | ||
| 020 |
_a9780070671010 _c495.00 |
||
| 020 |
_a007067101X _c495.00 |
||
| 035 | _aEN-78806 | ||
| 037 | _bDBAD/PUB | ||
| 040 | _aDPL | ||
| 082 | _a657.028553 | ||
| 100 | _aCameron, Melanie Anjele. | ||
| 245 |
_aOracle general ledger guide / _cby Melanie Anjele Comeron |
||
| 260 |
_aNew Delhi _bTata McGraw-Hill Education _c2009. |
||
| 270 |
_a7, West Patel Nagar _bNew Delhi _e110008 |
||
| 300 |
_axvii, 281 p. _c24 cm.(Pbk) _bill. |
||
| 500 | _a"Covers Oracle subledger accounting"--Cover. | ||
| 500 | _aIncludes index. | ||
| 630 | _aOracle E-business suite. | ||
| 650 |
_a Accounting _x Data processing. |
||
| 650 |
_aElectronic commerce _xComputer programs. |
||
| 942 |
_2ddc _cEN _mCAM _h657.028553 |
||
| 999 |
_c31201 _d31201 |
||